Zlatan Ibrahimović Trophies Winning Team - Statistics

General Stats
  • This quiz has been taken 855 times
    797 since last reset
  • The average score is 53 of 123
Answer Stats
Player % Correct
Zlatan Ibrahimović
94%
Xavi
89%
Lionel Messi
87%
Edinson Cavani
85%
Mike Maignan
83%
Thiago Silva
81%
Olivier Giroud
80%
Rafael Leão
80%
David de Gea
78%
Víctor Valdés
78%
Dani Alves
77%
Gerard Piqué
77%
Patrick Vieira
77%
Antonio Valencia
76%
Carles Puyol
76%
Marco Verratti
76%
Marquinhos
76%
Kevin Trapp
75%
Paul Pogba
74%
Thierry Henry
74%
Ángel Di María
73%
Marcus Rashford
71%
Theo Hernández
71%
Fikayo Tomori
70%
Maxwell
70%
Éric Abidal
69%
Sergio Busquets
68%
Henrikh Mkhitaryan
67%
Juan Mata
67%
Sergio Romero
67%
Yaya Touré
67%
Blaise Matuidi
66%
Marouane Fellaini
66%
Franck Kessié
65%
Pedro
65%
Seydou Keita
65%
Anthony Martial
64%
Júlio César
64%
Salvatore Sirigu
64%
Serge Aurier
62%
Eric Bailly
61%
Ezequiel Lavezzi
61%
Lucas Moura
61%
Thiago Motta
61%
Javier Zanetti
59%
Chris Smalling
58%
Daley Blind
57%
Matteo Darmian
55%
Sandro Tonali
55%
Wayne Rooney
55%
Adrien Rabiot
54%
David Luiz
54%
Ander Herrera
53%
Maicon
53%
Marcos Rojo
52%
Brahim Díaz
51%
Javier Pastore
51%
Pierre Kalulu
51%
Davide Calabria
49%
Clarence Seedorf
47%
Luke Shaw
47%
Esteban Cambiasso
46%
Robinho
45%
Alessandro Nesta
44%
Alexandre Pato
44%
Gregory van der Wiel
44%
Cristian Chivu
43%
Dejan Stanković
43%
Kevin-Prince Boateng
41%
Luís Figo
41%
Michael Carrick
40%
Walter Samuel
39%
Adriano
38%
Alexis Saelemaekers
38%
Gennaro Gattuso
38%
Iván Córdoba
38%
Alex
37%
Jesse Lingard
37%
Christian Abbiati
36%
Ignazio Abate
32%
Layvin Kurzawa
30%
Hernán Crespo
28%
Mark van Bommel
28%
Sulley Muntari
28%
Bojan
26%
Marco Materazzi
24%
Christophe Jallet
22%
Jérémy Ménez
22%
Wesley Sneijder
22%
Mamadou Sakho
18%
Nigel de Jong
18%
Gianluca Zambrotta
17%
Mario Balotelli
17%
Lucas Digne
15%
Francesco Toldo
13%
Rafael van der Vaart
13%
Nicolas Douchez
12%
Fabio Grosso
11%
Julio Ricardo Cruz
9%
Luca Antonini
9%
Mido
8%
Benjamin Stambouli
7%
Maarten Stekelenburg
7%
Nicolás Burdisso
7%
Jean-Christophe Bahebeck
4%
Mancini
4%
Zoumana Camara
4%
Bogdan Lobonț
3%
Hervin Ongenda
3%
Zdeněk Grygera
3%
Andy van der Meyde
2%
Hatem Trabelsi
2%
John Heitinga
2%
Tomáš Galásek
2%
André Bergdølmo
1%
Fred Grim
1%
Julien Escudé
1%
Nikos Machlas
1%
Wamberto
1%
Wesley Sonck
1%
Jan van Halst
0%
John O'Brien
0%
Victor Sikora
0%
No matching quizzes found
Score Distribution
Percent of People with Each Score
Percentile by Number Answered
Your Score History
You have not taken this quiz since the last reset